<?xml version="1.0" encoding="UTF-8"?>
<collection xmlns="http://www.loc.gov/MARC21/slim">
<record>
  <controlfield tag="001">6327</controlfield>
  <controlfield tag="005">20230201163450.0</controlfield>
  <datafield tag="037" ind1=" " ind2=" ">
    <subfield code="a">CTALK-2023-0061</subfield>
  </datafield>
  <datafield tag="100" ind1=" " ind2=" ">
    <subfield code="a">Harra, L.</subfield>
  </datafield>
  <datafield tag="245" ind1=" " ind2=" ">
    <subfield code="a">High spatial imaging of coronal upflows in the quiet Sun – sources of solar wind?</subfield>
  </datafield>
  <datafield tag="260" ind1=" " ind2=" ">
    <subfield code="c">2022</subfield>
  </datafield>
  <datafield tag="269" ind1=" " ind2=" ">
    <subfield code="c">2022-09-13</subfield>
  </datafield>
  <datafield tag="520" ind1=" " ind2=" ">
    <subfield code="a">In previous work, we have determined sources of upflows in the quiet Sun and coronal holes that do not have a strong intensity enhancement such as a jet [see Schwanitz et al., 2021]. These upflows could be particularly important as an additional (and nearly ‘invisible’) source of the solar wind. During the first science perihelion of Solar Orbiter, joint observations were made with the Hinode spacecraft allowing for coronal Doppler velocity measurements. We combined spectroscopic data from Hinode/EIS with imaging data from Solar Orbiter‘s EUV Imager (EUI) high resolutions imagers (with down to 135 km spatial resolution and 5 sec time cadence) and SDO‘s AIA to identify potential sources for the upflow regions. Some of the upflow regions fall on bright points and active loops, which show changes in the magnetic field configuration and small changes in intensity. In contrast to that, a few upflows can be seen on quiet regions, which do not show strong intensity fluctuations or noticeable magnetic field changes. Many upflows region analysed are located next to regions with a gradient in intensity (sometimes increasing and sometimes decreasing). In addition, we combined the data with chromospheric data from the IRIS slitjaw images. We discuss the sources of the upflow, and determine if they fit within categories as small-scale brightenings or eruptions highlighted in our previous paper.</subfield>
  </datafield>
  <datafield tag="594" ind1=" " ind2=" ">
    <subfield code="a">STCE</subfield>
  </datafield>
  <datafield tag="653" ind1="1" ind2=" ">
    <subfield code="a">Solar Orbiter</subfield>
  </datafield>
  <datafield tag="653" ind1="1" ind2=" ">
    <subfield code="a">EUI</subfield>
  </datafield>
  <datafield tag="700" ind1=" " ind2=" ">
    <subfield code="a">Barczynski, K.</subfield>
  </datafield>
  <datafield tag="700" ind1=" " ind2=" ">
    <subfield code="a">David Berghmans, D.</subfield>
  </datafield>
  <datafield tag="700" ind1=" " ind2=" ">
    <subfield code="a">ManyOtherAuthors, X.</subfield>
  </datafield>
  <datafield tag="700" ind1=" " ind2=" ">
    <subfield code="a">Kraaikamp, E.</subfield>
  </datafield>
  <datafield tag="700" ind1=" " ind2=" ">
    <subfield code="a">Rodriguez, L. </subfield>
  </datafield>
  <datafield tag="700" ind1=" " ind2=" ">
    <subfield code="a">Verbeeck, C.</subfield>
  </datafield>
  <datafield tag="700" ind1=" " ind2=" ">
    <subfield code="a">Zhukov, A.</subfield>
  </datafield>
  <datafield tag="773" ind1=" " ind2=" ">
    <subfield code="t">Solar Orbiter 8, Belfast (UK)</subfield>
  </datafield>
  <datafield tag="856" ind1="0" ind2=" ">
    <subfield code="f">david.berghmans@observatoire.be</subfield>
  </datafield>
  <datafield tag="856" ind1="4" ind2="2">
    <subfield code="a">https://blogs.qub.ac.uk/so8belfast/programme/</subfield>
  </datafield>
  <datafield tag="906" ind1=" " ind2=" ">
    <subfield code="a">Contributed</subfield>
  </datafield>
  <datafield tag="980" ind1=" " ind2=" ">
    <subfield code="a">CTALKCONT</subfield>
  </datafield>
</record>
</collection>